000 00312 a2200133 4500
003 Nust
005 20230406083514.0
040 _cNust
082 _aDS Folder
245 _aDS Folders
_cMilitary Collage of Signal
260 _aMCS
_bLibrary
_c2016
650 _aInstr Folders
_9100624
942 _2ddc
_cDS FOLDERS
999 _c217352
_d217352